Ultimate Flags Of The World Quiz - Statistics

General Stats
  • This quiz has been taken 70 times
    54 since last reset
  • The average score is 229 of 500
Answer Stats
Picture Hint Answer % Correct
A Albania
85%
A Algeria
83%
A Andorra
83%
A Angola
83%
A Argentina
83%
A Austria
83%
W Wales
83%
A Abkhazia
80%
A Afghanistan
80%
A Armenia
80%
A Australia
80%
A Azerbaijan
80%
B Bulgaria
80%
C Croatia
80%
C Cyprus
80%
D Denmark
80%
E Egypt
80%
E Estonia
80%
F Finland
80%
F France
80%
G Georgia
80%
G Germany
80%
G Greece
80%
I India
80%
I Ireland
80%
I Israel
80%
I Italy
80%
J Japan
80%
K Kenya
80%
K Kosovo
80%
M Moldova
80%
M Montenegro
80%
N Netherlands
80%
N North Korea
80%
N North Macedonia
80%
N Norway
80%
P Pakistan
80%
P Peru
80%
P Poland
80%
P Portugal
80%
Q Qatar
80%
R Romania
80%
R Russia
80%
S Scotland
80%
S Serbia
80%
S Slovakia
80%
S Slovenia
80%
S South Africa
80%
S South Korea
80%
S Spain
80%
S Sri Lanka
80%
S Sweden
80%
S Switzerland
80%
U Ukraine
80%
U United Kingdom
80%
U United States
80%
V Vatican City
80%
V Vietnam
80%
B Bahamas
78%
B Bahrain
78%
B Bangladesh
78%
B Barbados
78%
B Belarus
78%
B Belgium
78%
B Bosnia & Herzegovina
78%
B Botswana
78%
B Brazil
78%
B Brunei
78%
C Cambodia
78%
C Cameroon
78%
C Canada
78%
C Chad
78%
C Chile
78%
C China
78%
C Cuba
78%
C Czech Republic
78%
D Dominican Republic
78%
E Ecuador
78%
E Eswatini
78%
F/M F.S. of Micronesia
78%
G Greenland
78%
I Iceland
78%
I Indonesia
78%
I Iran
78%
I Iraq
78%
I Isle of Man
78%
J Jamaica
78%
J Jordan
78%
K Kazakhstan
78%
K Kiribati
78%
K Kuwait
78%
L Laos
78%
L Latvia
78%
L Liberia
78%
L Libya
78%
L Liechtenstein
78%
L Lithuania
78%
L Luxembourg
78%
M Malaysia
78%
M Malta
78%
M Mexico
78%
M Monaco
78%
M Morocco
78%
N Namibia
78%
N Nepal
78%
N Nigeria
78%
O Oman
78%
P Palau
78%
P Palestine
78%
P Panama
78%
P Philippines
78%
S San Marino
78%
S Senegal
78%
S Seychelles
78%
S Somalia
78%
S Syria
78%
T Taiwan
78%
T Tunisia
78%
T Turkey
78%
T Turkmenistan
78%
U Uruguay
78%
U Uzbekistan
78%
V Venezuela
78%
Y Yemen
78%
A Antigua and Barbuda
76%
B Belize
76%
B Bhutan
76%
B Burkina Faso
76%
C Central African Republic
76%
C Colombia
76%
C Comoros
76%
C Costa Rica
76%
D Djibouti
76%
D Dominica
76%
D D.R. Congo
76%
E East Timor
76%
E El Salvador
76%
E Equatorial Guinea
76%
E Eritrea
76%
E Ethiopia
76%
G Gabon
76%
G Ghana
76%
G Gibraltar
76%
G Grenada
76%
G Guatemala
76%
G Guernsey
76%
H Honduras
76%
H Hungary
76%
I Ivory Coast
76%
L Lebanon
76%
L Lesotho
76%
M Madagascar
76%
M Malawi
76%
M Maldives
76%
M Mali
76%
M Marshall Islands
76%
M Mongolia
76%
M Mozambique
76%
M Myanmar
76%
N Nauru
76%
N New Zealand
76%
N Nicaragua
76%
N Niger
76%
P Papua New Guinea
76%
P Paraguay
76%
R Rwanda
76%
S Samoa
76%
S Sao Tome & Principe
76%
S Singapore
76%
S Solomon Islands
76%
S South Sudan
76%
S St. Vincent and the Grenadines
76%
S Sudan
76%
S Suriname
76%
T Tajikistan
76%
T Tanzania
76%
T Thailand
76%
T Togo
76%
T Tonga
76%
T Trinidad & Tobago
76%
U Uganda
76%
U United Arab Emirates
76%
V Vanuatu
76%
Z Zambia
76%
A American Samoa
73%
B Benin
73%
B Bolivia
73%
B Burundi
73%
C Cape Verde
73%
C Catalonia
73%
E England
73%
F Fiji
73%
G Gambia
73%
G Guinea
73%
G Guinea-Bissau
73%
G Guyana
73%
H Haiti
73%
H Hong Kong
73%
M Macau
73%
M Mauritania
73%
M Mauritius
73%
P Puerto Rico
73%
R Rep. of the Congo
73%
S Saudi Arabia
73%
S St. Lucia
73%
Z Zimbabwe
73%
A Åland
71%
A Aruba
71%
F Faroe Islands
71%
K Kyrgyzstan
71%
Q Quebec
71%
S Sierra Leone
71%
S St. Kitts & Nevis
71%
T Tuvalu
71%
G Guam
68%
J Jersey
68%
K Kurdistan
68%
N Northern Cyprus
68%
U US Virgin Islands
68%
A Anguilla
66%
B Bermuda
66%
N Norfolk Island
66%
S Sicily
66%
T Tibet
66%
T Transnistria
66%
B Basque Country
63%
B British Virgin Islands
63%
N New Caledonia
63%
N Niue
63%
S Sardinia
63%
C Christmas Island
61%
C Cook Islands
61%
C Corsica
61%
F Falkland Islands
61%
F French Polynesia
61%
A Azores
59%
B Bonaire
59%
B British Indian Ocean Territory
59%
E Easter Island
59%
F French Guiana
59%
G Guadeloupe
59%
P Pitcairn Islands
59%
C Cocos (Keeling) Islands
56%
C Curaçao
56%
S South Ossetia
56%
T Tokelau
56%
W Wallis and Futuna
56%
B Brittany
54%
N Northern Mariana Islands
54%
S Sint Maarten
54%
S Somaliland
54%
T Turks and Caicos Islands
54%
W Wallonia
54%
B Bavaria
51%
F Friesland
51%
M Mayotte
51%
M Montserrat
51%
R Réunion
51%
S Saint Pierre and Miquelon
51%
C Canary Islands
49%
D District of Columbia
49%
F Flanders
49%
A Assyria
46%
B Berber
46%
C Cayman Islands
46%
C Chechnya
46%
C Cornwall
46%
C Crimea
46%
M Martinique
46%
S Sahrawi Arab Democratic Republic
46%
B Bougainville
41%
S South Georgia and the South Sandwich Islands
41%
P Prince Edward Island
39%
S Saba
39%
S Shetland
39%
M Madeira
37%
S Sápmi
37%
W West Papua
37%
B British Antarctic Territory
34%
M Mallorca
34%
Z Zanzibar
34%
A Ascension Island
32%
C Ceuta
32%
D Dagestan
32%
E East Turkestan
32%
F French Southern and Antarctic Lands
32%
N Navassa Island
32%
O Orkney
32%
S Saint Barthélemy
32%
S Saint Helena
32%
S Sint Eustatius
32%
T Tuva
32%
W Wake Island
32%
A Alderney
29%
J Johnston Atoll
29%
M Menorca
29%
T Tasmania
29%
A Altai
27%
A Ambazonia
27%
A Azad Kashmir
27%
A Azawad
27%
D Darfur
27%
M Midway Atoll
27%
P Puntland
27%
R Rif
27%
S Sakha
27%
S Sarawak
27%
T Tristan da Cunha
27%
U Udmurtia
27%
Y Yakutia
27%
A Aceh
24%
B Bali
24%
B Buryatia
24%
I Inner Mongolia
24%
K Kaliningrad
24%
K Karakalpakstan
24%
S Sark
24%
T Tamil Eelam
24%
A Adjara
22%
A Adygea
22%
B Barotseland
22%
C Chuvashia
22%
I Ibiza
22%
I Ingushetia
22%
K Kalmykia
22%
K Khakassia
22%
M Mari El
22%
M Mellila
22%
S Sabah
22%
S South Azerbaijan
22%
T Tatarstan
22%
T Tigray
22%
A Afar
20%
A Amhara
20%
A Argentine Antarctica
20%
B Balochistan
20%
B Bashkortostan
20%
B Bornholm
20%
C Cabinda
20%
C Cyrenaica
20%
J Johor
20%
K Komi
20%
M Mindanao
20%
M Mordovia
20%
R Ross Dependency
20%
A Akrotiri and Dhekelia
17%
A Assam
17%
B Bangsamoro
17%
C Chilean Antarctic Territory
17%
C Chinland
17%
G Galápagos
17%
J Jammu and Kashmir
17%
J Jubaland
17%
K Kabylia
17%
K Khalistan
17%
K Kingman Reef
17%
O Oromia
17%
P Palmyra Atoll
17%
S Scania
17%
W Western Togoland
17%
A Abyei
15%
C Canton
15%
G Goa
15%
H Herm
15%
K Kabardino-Balkaria
15%
K Karachay-Cherkessia
15%
K Karelia
15%
M Mon
15%
N Niger Delta
15%
O Ogaden
15%
R Rojava
15%
R Ryukyu
15%
S Shan
15%
S South Maluku
15%
Y Yamalo-Nenets
15%
A Arakan
12%
B Buganda
12%
C Cape Republic
12%
C Caprivi Strip
12%
F Fezzan
12%
G Gilgit-Baltistan
12%
J Jarvis Island
12%
J Juan Fernández Islands
12%
K Kelantan
12%
K Krasnoyarsk Krai
12%
L Ladahk
12%
M Manipur
12%
P Príncipe
12%
R Rodrigues
12%
S Siberia
12%
S Sindhudesh
12%
A Annobón
10%
C Chagos
10%
D Dankalia
10%
D Donetsk
10%
L Logone
10%
P Pashtunistan
10%
R Rehoboth
10%
S Shanghai
10%
S Sharjah
10%
W Wa
10%
W Western Armenia
10%
A Acholi
7%
A Agadez
7%
A Al-Ahwaz
7%
A Arewa
7%
B Bakassi
7%
B Bioko
7%
C Casamance
7%
C Chittagong Hill Tracts
7%
G Gambela
7%
G Great Lakes Twa
7%
H Hmong Chao Fa
7%
J Jammu
7%
L Lord Howe Island
7%
M Mizoram
7%
N Nagalim
7%
P Pa'O
7%
P Phuket
7%
Q Qashqai
7%
R Rwenzururu
7%
S Sidama
7%
T Tenerife
7%
U Ural
7%
V Volkstaat
7%
Y Yazidi
7%
B Beja
5%
B Bodoland
5%
D Danu
5%
F Fuerteventura
5%
G Garo Hills
5%
G Greater Minahasa
5%
J Javakheti
5%
K Kamtapur
5%
K Kawthoolei
5%
K Kokang
5%
L La Palma
5%
L Luhansk
5%
M Mombasa Republic
5%
M Montagnard
5%
O Oduduwa
5%
O Ogoniland
5%
P Pa Laung
5%
P Pattani Darul Makrif
5%
R Riau
5%
S Southern Turkestan
5%
T Tibesti
5%
T Turkmeneli
5%
Z Zale'n-gam
5%
Z Zambesia
5%
A Awdalland
2%
B Bamar
2%
B Banaadir
2%
C Central-Eastern Angola
2%
C Cordillera
2%
E El Hierro
2%
F Formentera
2%
G Gedeo
2%
G Gran Canaria
2%
G Gurage
2%
H Hazaristan
2%
H Howland and Baker Islands
2%
K Kachin
2%
K Kalimantan
2%
K Kayah
2%
K Khmer Krom
2%
K Kirat
2%
K Kivu
2%
L La Gomera
2%
L Lanzarote
2%
L Lezgistan
2%
M Madhesh
2%
M Manicaland
2%
M Matabeleland
2%
M Meghalaya
2%
N Northern Rakhine
2%
N Nyika
2%
P Pasundan
2%
R Rabha Hasong
2%
R Rivers State
2%
R Rol Naath
2%
S São Vicente
2%
S Saraikistan
2%
S Souss-Massa
2%
S/G Sovereign State of Good Hope
2%
S Sumbawa
2%
W Western Equatoria
2%
W Wolayita
2%
Z Zazaistan
2%
Z Zogam
2%
B Bundelkhand
0%
E Eritrean Kunama
0%
G Gedo
0%
G Gorkhaland
0%
H Hadramout
0%
K Kayan
0%
L Lahu
0%
M Muhajir Sooba
0%
S Saho
0%
S Socotra
0%
No matching quizzes found
Score Distribution
Percent of People with Each Score
Percentile by Number Answered
Your Score History
You have not taken this quiz since the last reset